000 00321nam a2200145Ia 4500
008 240112s1986 xx 000 0 und d
022 _a00995355
041 _aeng
082 _a616.05
100 _aOLD J.M.
245 _aTHE LANCET
260 _bLITTLE BROWN & CO.
_c1986
300 _a1474,HB
_c8510
440 _v2
999 _c1141650
_d1141650